| 000 | 01187cam a22002891i 4500 | ||
|---|---|---|---|
| 003 | SA-RiAUC | ||
| 005 | 20241103125748.0 | ||
| 008 | 241030s2008 ku g 00010 ara c | ||
| 040 |
_aSA-MaTUM _bara _cSA-RiAUC _erda |
||
| 082 | 0 | 4 | _a226.4 |
| 090 |
_a226.4 _bم ر ع |
||
| 100 | 1 |
_aمرعي الكرمي، مرعي بن يوسف بن أبي بكر، _dتوفي 1033 هجري _eمؤلف. |
|
| 245 | 1 | 0 |
_aقلائد المرجان في الناسخ والمنسوخ من القرآن / _cلمرعي بن يوسف الكرمي الحنبلي ؛ تحقيق سامي عطا حسن. |
| 246 | 3 | 0 | _aالناسخ والمنسوخ من القرآن |
| 250 | _aالطبعة الأولى. | ||
| 264 | 1 |
_aالكويت : _bغراس، _c2008 |
|
| 300 |
_a434 صفحة ؛ _c24 سم. |
||
| 336 |
_aنص _btxt _2rdacontent _3كتاب |
||
| 337 |
_aبدون وسيط _bn _2rdamedia |
||
| 338 |
_aمجلد _bnc _2rdacarrier |
||
| 490 | 0 | _aسلسلة علوم القرآن الكريم | |
| 630 | 2 | 7 |
_aالقرآن _xالناسخ والمنسوخ _2aucut |
| 700 | 1 |
_aحسن، سامي عطا _eمحقق. |
|
| 730 | 2 | 2 | _aالقرآن |
| 942 |
_2ddc _cBOOK _n0 |
||
| 949 |
_aSA-JeALM _d241030 _ukhaled123 _n1 |
||
| 999 |
_c1999 _d1999 |
||